000 00996nam a2200313 i 4500
003 EG-GICUC
005 20260422120609.0
008 260422s1895 fr a|||fr|||| 001 0 eng d
040 _aEG-GiCUC
_bfre
_cEG-GiCUC
_dEG-GiCUC
_eRda
041 0 _afre
082 0 4 _221
_a343
_b BA . C
092 0 4 _221
099 _aLaw1 10 343 BA . C 1895
100 1 _aBarbier, Georges
_eAuteur
245 _aComplément Du Code Expliqué De La Presse:
_cM. Georges Barbier.
264 _aPARIS:
_bMarchal Et Billard,
_c1895.
300 _a187 page :
_billustration ;
_c 24 cm.
336 _2rda contenu
_a texte
337 _2rda medias
_aOrdinateur
338 _2 transporteur rda
_a Ressource en ligne
500 _aComprend un index.
504 _aComprend des références bibliographiques
546 _aTexte en français
650 1 _aDroit pénal
_2qrmak
651 1 _2qrmak
856 4 0 _uhttps://fll.law.cu.edu.eg/fulltext/bks/B10-10787.pdf
905 _a158
942 _2ddc
_n0
_cBK
_e21
999 _c72811
_d72811